00182nam a2200085 4500082001200000100001500012245002300027260003800050300000800088 a540 SIE aM.J.Sienko aChemistry Problems aNew YorkbW.A.Benjamin,INC.c1967 a427